El amanecer de la historia /
Guardado en:
| Formato: | |
|---|---|
| Series: | La tradición de Occidente
|
| Materias: | |
| Etiquetas: |
Agregar Etiqueta
Sin Etiquetas, Sea el primero en etiquetar este registro!
|
| LEADER | 01000ngm a22002655g 4500 | ||
|---|---|---|---|
| 001 | CEM.cems021489 | ||
| 008 | 130507b1992##################0###0#####d | ||
| 005 | 20240826180047.0 | ||
| 245 | 0 | 0 | |a El amanecer de la historia / |
| 300 | |a 26 | ||
| 490 | 0 | |a La tradición de Occidente | |
| 500 | |a En soporte VHS, consultar en ventanilla. | ||
| 505 | 0 | |a El hombre prehistórico. Evolución de los pueblos cazadores, recolectores a agrícolas. Los clanes. Herramientas y utensilios. Sociedad y religión. El patriarcado. Los imperios antiguos (egipcios): su origen. | |
| 538 | |a Soporte: VHS - Norma: Pal N - Color - Grabación Drd 1992 - Hitachi=3849 | ||
| 082 | 9 | 4 | |. 53/HIS |
| 653 | |a ANTROPOLOGIA | ||
| 653 | |a HISTORIA | ||
| 653 | |a PREHISTORIA | ||
| 653 | |a EVOLUCION HUMANA | ||
| 653 | |a CLANES | ||
| 653 | |a SOCIEDAD Y RELIGION | ||
| 653 | |a PATRIARCADO | ||
| 653 | |a IMPERIOS ANTIGUOS | ||
| 653 | |a NIVEL SECUNDARIO | ||
| 859 | |a CEMS |b BIB. CEMS - Depto. Recursos Didacticos |h 940.53 |i HIS |k DRD |p 132.12 |t Ej.1 | ||
